Tenaga atom di Indonesia. (Record no. 87260)

MARC details
000 -LEADER
fixed length control field 00576cam a22002171i 4500
001 - CONTROL NUMBER
control field sa 68016710
003 - CONTROL NUMBER IDENTIFIER
control field DLC
005 - DATE AND TIME OF LATEST TRANSACTION
control field 20260227112656.0
008 - FIXED-LENGTH DATA ELEMENTS--GENERAL INFORMATION
fixed length control field 830602s1965 io ac 000 0 ind
010 ## - LIBRARY OF CONGRESS CONTROL NUMBER
LC control number sa 68016710
035 ## - SYSTEM CONTROL NUMBER
System control number (OCoLC)9568776
040 ## - CATALOGING SOURCE
Original cataloging agency DLC
Transcribing agency OAU
Modifying agency OCoLC
-- DLC
042 ## - AUTHENTICATION CODE
Authentication code premarc
050 00 - LIBRARY OF CONGRESS CALL NUMBER
Classification number QC773.3.I5
Item number A43
110 2# - MAIN ENTRY--CORPORATE NAME
Corporate name or jurisdiction name as entry element Lembaga Tenaga Atom.
245 10 - TITLE STATEMENT
Title Tenaga atom di Indonesia.
260 ## - PUBLICATION, DISTRIBUTION, ETC.
Place of publication, distribution, etc. [Djakarta ;
Date of publication, distribution, etc. 1965?]
300 ## - PHYSICAL DESCRIPTION
Extent 28 p. :
Other physical details ill., ports. ;
Dimensions 24 cm.
500 ## - GENERAL NOTE
General note Cover title.
650 #0 - SUBJECT ADDED ENTRY--TOPICAL TERM
Topical term or geographic name entry element Nuclear energy
General subdivision Research
Geographic subdivision Indonesia.

No items available.

Powered by Koha